[Event "EYCC Open-U14 2019"]
[Site "Bratislava"]
[Date "2019.08.09"]
[Round "8.13"]
[White "Borhy, Marcell"]
[Black "Luczak, Filip"]
[Result "1/2-1/2"]
[WhiteElo "2382"]
[BlackElo "2144"]
[Annotator "NA"]
[PlyCount "84"]
[EventDate "2019.08.02"]
[EventType "swiss"]
[EventCountry "SVK"]
[SourceTitle "playchess.com"]
[Source "ChessBase"]
[SourceQuality "1"]
[TimeControl "40/5400+30:1800+30"]

1. Nf3 {[%emt 0:00:00]} c5 {[%emt 0:00:00]} 2. g3 {[%emt 0:00:00]} Nc6 {[%emt 0:00:00]} 3. c4 {[%emt 0:00:50]} g6 {[%emt 0:00:00]} 4. Bg2 {[%emt 0:00:45]} Bg7 {[%emt 0:00:01]} 5. O-O {[%emt 0:01:35]} e5 {[%emt 0:01:38]} 6. Nc3 {[%emt 0:00:55]} Nge7 {[%emt 0:00:08]} 7. Ne1 {[%emt 0:04:32]} O-O {[%emt 0:01:44]} 8. Nc2 {[%emt 0:00:05]} a6 {[%emt 0:01:56]} 9. a3 {[%emt 0:00:24]} Rb8 {[%emt 0:09:47]} 10. b4 {[%emt 0:02:42]} cxb4 {[%emt 0:05:54]} 11. axb4 {[%emt 0:00:19]} b5 {[%emt 0:00:50]} 12. c5 {[%emt 0:01:10]} a5 {[%emt 0:04:19]} 13. Rb1 {[%emt 0:05:55]} a4 {[%emt 0:05:53]} 14. Ba3 {[%emt 0:25:02]} Nd4 {[%emt 0:18:07]} 15. Nxd4 {[%emt 0:11:37]} exd4 {[%emt 0:00:01]} 16. Ne4 {[%emt 0:00:27]} Nf5 {[%emt 0:00:54]} 17. d3 {[%emt 0:07:13]} Bb7 {[%emt 0:01:47]} 18. Bh3 {[%emt 0:03:17]} Ne7 {[%emt 0:03:30]} 19. Nd6 {[%emt 0:06:08]} Bc6 {[%emt 0:01:43]} 20. Qd2 {[%emt 0:00:15]} Nd5 {[%emt 0:11:56]} 21. Bg2 {[%emt 0:08:36]} Be5 {[%emt 0:06:37]} 22. Bb2 {[%emt 0:01:19]} f5 {[%emt 0:03:50]} 23. Bxd4 {[%emt 0:02:13]} Bxd4 {[%emt 0:01:45]} 24. Qa2 {[%emt 0:00:01]} Be5 {[%emt 0:04:54]} 25. Bxd5+ {[%emt 0:00:30]} Kg7 {[%emt 0:00:08]} 26. Nf7 {[%emt 0:03:23]} Qf6 {[%emt 0:03:14]} 27. Nxe5 {[%emt 0:00:28]} Qxe5 {[%emt 0:00:02]} 28. Bg2 {[%emt 0:03:01]} f4 {[%emt 0:01:27]} 29. Qb2 {[%emt 0:07:59]} Qxb2 {[%emt 0:00:27]} 30. Rxb2 {[%emt 0:00:01]} f3 {[%emt 0:00:25]} 31. exf3 {[%emt 0:00:33]} Bxf3 {[%emt 0:00:05]} 32. Re1 {[%emt 0:00:18]} Bxg2 {[%emt 0:00:38]} 33. Kxg2 {[%emt 0:00:01]} Rbe8 {[%emt 0:00:40]} 34. Re3 {[%emt 0:00:38]} Kf6 {[%emt 0:03:25]} 35. d4 {[%emt 0:03:05]} Rxe3 {[%emt 0:00:42]} 36. fxe3 {[%emt 0:00:01]} Ke6 {[%emt 0:00:08]} 37. e4 {[%emt 0:00:03]} g5 {[%emt 0:00:36]} 38. h3 {[%emt 0:01:37]} h5 {[%emt 0:00:08]} 39. Rc2 {[%emt 0:00:29]} g4 {[%emt 0:00:56]} 40. hxg4 {[%emt 0:00:00]} hxg4 {[%emt 0:00:00]} 41. c6 {[%emt 0:11:02]} Rc8 {[%emt 0:03:46]} 42. d5+ {[%emt 0:00:45]} Ke5 {[%emt 0:06:59]} 1/2-1/2

[Event "EYCC Open-U14 2019"]
[Site "Bratislava"]
[Date "2019.08.09"]
[Round "8.14"]
[White "Rozen, Eytan"]
[Black "Laptii, Nazar"]
[Result "1-0"]
[WhiteElo "2260"]
[BlackElo "2133"]
[Annotator "NA"]
[PlyCount "95"]
[EventDate "2019.08.02"]
[EventType "swiss"]
[EventCountry "SVK"]
[SourceTitle "playchess.com"]
[Source "ChessBase"]
[SourceQuality "1"]
[TimeControl "40/5400+30:1800+30"]

1. d4 {[%emt 0:00:00]} g6 {[%emt 0:00:00]} 2. c4 {[%emt 0:00:00]} Bg7 {[%emt 0:00:00]} 3. Nf3 {[%emt 0:00:00]} d6 {[%emt 0:00:00]} 4. g3 {[%emt 0:00:02]} Nf6 {[%emt 0:00:13]} 5. Bg2 {[%emt 0:00:03]} O-O {[%emt 0:00:08]} 6. O-O {[%emt 0:00:01]} Nbd7 {[%emt 0:00:07]} 7. Nc3 {[%emt 0:00:06]} e5 {[%emt 0:00:06]} 8. e4 {[%emt 0:00:03]} c6 {[%emt 0:01:06]} 9. b3 {[%emt 0:00:09]} Re8 {[%emt 0:02:53]} 10. Bb2 {[%emt 0:00:18]} a5 {[%emt 0:01:04]} 11. Re1 {[%emt 0:00:47]} exd4 {[%emt 0:01:36]} 12. Nxd4 {[%emt 0:00:09]} Nc5 {[%emt 0:00:11]} 13. f3 {[%emt 0:01:38]} Nfd7 {[%emt 0:13:26]} 14. Kh1 {[%emt 0:04:43]} Ne5 {[%emt 0:01:54]} 15. Bf1 {[%emt 0:00:10]} h5 {[%emt 0:02:48]} 16. Be2 {[%emt 0:02:22]} Bh3 {[%emt 0:02:44]} 17. f4 {[%emt 0:03:15]} Ng4 {[%emt 0:05:33]} 18. Bxg4 {[%emt 0:00:24]} Bxg4 {[%emt 0:00:07]} 19. Qd2 {[%emt 0:00:06]} Qf6 {[%emt 0:13:40]} 20. Nc2 {[%emt 0:02:31]} Bf3+ {[%emt 0:01:30]} 21. Kg1 {[%emt 0:00:03]} Qd8 {[%emt 0:02:09]} 22. e5 {[%emt 0:24:51]} dxe5 {[%emt 0:16:28]} 23. Qe3 {[%emt 0:01:18]} Nd3 {[%emt 0:04:11]} 24. Qxf3 {[%emt 0:00:22]} Nxb2 {[%emt 0:00:07]} 25. Rab1 {[%emt 0:02:06]} Nd3 {[%emt 0:02:06]} 26. Re3 {[%emt 0:00:28]} Nc5 {[%emt 0:09:47]} 27. Rbe1 {[%emt 0:01:24]} Qb6 {[%emt 0:03:19]} 28. Kh1 {[%emt 0:04:50]} Rad8 {[%emt 0:03:17]} 29. fxe5 {[%emt 0:01:28]} Rd2 {[%emt 0:00:29]} 30. R1e2 {[%emt 0:00:40]} Red8 {[%emt 0:00:21]} 31. Qf2 {[%emt 0:01:56]} Rxe2 {[%emt 0:05:39]} 32. Rxe2 {[%emt 0:00:01]} Nd7 {[%emt 0:02:24]} 33. Qxb6 {[%emt 0:00:37]} Nxb6 {[%emt 0:00:01]} 34. Ne4 {[%emt 0:00:56]} Rd1+ {[%emt 0:00:56]} 35. Kg2 {[%emt 0:00:21]} Nd7 {[%emt 0:00:35]} 36. Nd6 {[%emt 0:00:59]} Nc5 {[%emt 0:00:18]} 37. Ne1 {[%emt 0:02:17]} Bf8 {[%emt 0:03:28]} 38. Ne8 {[%emt 0:01:09]} Ne6 {[%emt 0:00:40]} 39. Nf6+ {[%emt 0:00:54]} Kg7 40. Nf3 {[%emt 0:00:00]} Bb4 {[%emt 0:00:00]} 41. h4 {[%emt 0:01:02]} b5 {[%emt 0:19:57]} 42. cxb5 {[%emt 0:02:29]} cxb5 {[%emt 0:00:04]} 43. Rc2 {[%emt 0:02:26]} Be7 {[%emt 0:03:06]} 44. Ng5 {[%emt 0:06:32]} Nd4 {[%emt 0:01:06]} 45. Ne8+ {[%emt 0:00:53]} Kf8 {[%emt 0:00:51]} 46. Rc8 {[%emt 0:00:10]} Bxg5 {[%emt 0:00:23]} 47. Nf6+ {[%emt 0:00:29]} Kg7 {[%emt 0:00:17]} 48. hxg5 {[%emt 0:00:06]} 1-0

[Event "EYCC Open-U14 2019"]
[Site "Bratislava"]
[Date "2019.08.09"]
[Round "8.15"]
[White "Sobek, Michal"]
[Black "Papadiamandis, Elliot"]
[Result "0-1"]
[WhiteElo "2101"]
[BlackElo "2202"]
[Annotator "NA"]
[PlyCount "90"]
[EventDate "2019.08.02"]
[EventType "swiss"]
[EventCountry "SVK"]
[SourceTitle "playchess.com"]
[Source "ChessBase"]
[SourceQuality "1"]
[TimeControl "40/5400+30:1800+30"]

1. e4 {[%emt 0:00:00]} c5 {[%emt 0:00:00]} 2. Nf3 {[%emt 0:00:00]} d6 {[%emt 0:00:35]} 3. Bb5+ {[%emt 0:00:03]} Nd7 {[%emt 0:00:50]} 4. c3 {[%emt 0:00:09]} Ngf6 {[%emt 0:00:42]} 5. Qe2 {[%emt 0:00:14]} a6 {[%emt 0:02:29]} 6. Ba4 {[%emt 0:00:06]} b5 {[%emt 0:02:11]} 7. Bc2 {[%emt 0:00:07]} Bb7 {[%emt 0:01:10]} 8. O-O {[%emt 0:00:43]} Rc8 {[%emt 0:00:09]} 9. d4 {[%emt 0:03:55]} cxd4 {[%emt 0:02:25]} 10. cxd4 {[%emt 0:01:39]} Rxc2 {[%emt 0:01:02]} 11. Qxc2 {[%emt 0:00:18]} Bxe4 {[%emt 0:00:31]} 12. Qe2 {[%emt 0:00:30]} Qa8 {[%emt 0:02:29]} 13. a4 {[%emt 0:21:21]} b4 {[%emt 0:14:38]} 14. a5 {[%emt 0:06:33]} e6 {[%emt 0:10:02]} 15. Bd2 {[%emt 0:18:53]} Qb7 {[%emt 0:02:34]} 16. Ra4 {[%emt 0:06:14]} d5 {[%emt 0:02:38]} 17. Rc1 {[%emt 0:01:48]} b3 {[%emt 0:16:25]} 18. Na3 {[%emt 0:15:08]} Bd6 {[%emt 0:03:21]} 19. Qe1 {[%emt 0:04:19]} O-O {[%emt 0:06:13]} 20. Bb4 {[%emt 0:01:56]} Qb8 {[%emt 0:06:31]} 21. Rc6 {[%emt 0:00:10]} Bxb4 {[%emt 0:00:36]} 22. Rxb4 {[%emt 0:00:23]} Qa8 {[%emt 0:02:25]} 23. Rc7 {[%emt 0:04:40]} Qd8 {[%emt 0:02:07]} 24. Rbb7 {[%emt 0:00:43]} Bxf3 {[%emt 0:03:35]} 25. gxf3 {[%emt 0:00:07]} Re8 {[%emt 0:02:15]} 26. Qe3 {[%emt 0:06:11]} e5 {[%emt 0:02:24]} 27. Qxb3 {[%emt 0:03:46]} exd4 {[%emt 0:04:30]} 28. Nc2 {[%emt 0:01:23]} Nh5 {[%emt 0:00:47]} 29. Qxd5 {[%emt 0:00:44]} d3 {[%emt 0:03:48]} 30. Ne3 {[%emt 0:02:11]} Ne5 {[%emt 0:03:23]} 31. Rd7 {[%emt 0:00:39]} Nxd7 {[%emt 0:00:49]} 32. Rxd7 {[%emt 0:00:22]} Qc8 {[%emt 0:00:31]} 33. Rxf7 {[%emt 0:00:25]} Qe6 {[%emt 0:00:14]} 34. Qxe6 {[%emt 0:00:22]} Rxe6 {[%emt 0:00:01]} 35. Rd7 {[%emt 0:00:18]} Nf4 {[%emt 0:00:11]} 36. Ng2 {[%emt 0:00:49]} Nh3+ {[%emt 0:00:31]} 37. Kh1 {[%emt 0:00:36]} Nxf2+ {[%emt 0:00:38]} 38. Kg1 {[%emt 0:00:03]} Nh3+ {[%emt 0:00:10]} 39. Kh1 {[%emt 0:00:16]} Re2 {[%emt 0:00:23]} 40. b4 {[%emt 0:00:00]} d2 {[%emt 0:00:00]} 41. Ne3 {[%emt 0:02:09]} Rxe3 {[%emt 0:04:46]} 42. Rxd2 {[%emt 0:00:19]} Nf4 {[%emt 0:00:58]} 43. Kg1 {[%emt 0:00:59]} Rxf3 {[%emt 0:02:48]} 44. Rb2 {[%emt 0:10:34]} Ra3 {[%emt 0:00:50]} 45. Rd2 {[%emt 0:03:01]} Nd3 {[%emt 0:01:56]} 0-1

[Event "EYCC Open-U14 2019"]
[Site "Bratislava"]
[Date "2019.08.09"]
[Round "8.16"]
[White "Lopez Varela, Pablo"]
[Black "Weihrauch, Jakob"]
[Result "1/2-1/2"]
[WhiteElo "2131"]
[BlackElo "2201"]
[Annotator "NA"]
[PlyCount "133"]
[EventDate "2019.08.02"]
[EventType "swiss"]
[EventCountry "SVK"]
[SourceTitle "playchess.com"]
[Source "ChessBase"]
[SourceQuality "1"]
[TimeControl "40/5400+30:1800+30"]

1. e4 {[%emt 0:00:00]} e5 {[%emt 0:00:00]} 2. Nf3 {[%emt 0:00:00]} Nc6 {[%emt 0:00:00]} 3. Bc4 {[%emt 0:00:00]} Bc5 {[%emt 0:00:00]} 4. c3 {[%emt 0:00:00]} Nf6 {[%emt 0:00:00]} 5. d3 {[%emt 0:00:00]} O-O {[%emt 0:00:17]} 6. O-O {[%emt 0:00:00]} d6 {[%emt 0:00:22]} 7. h3 {[%emt 0:00:02]} h6 {[%emt 0:00:37]} 8. Re1 {[%emt 0:03:23]} a6 {[%emt 0:00:25]} 9. Bb3 {[%emt 0:00:38]} Ba7 {[%emt 0:00:12]} 10. Nbd2 {[%emt 0:00:19]} Re8 {[%emt 0:00:16]} 11. Nf1 {[%emt 0:01:01]} Be6 {[%emt 0:00:14]} 12. N3h2 {[%emt 0:02:29]} Bxb3 {[%emt 0:03:00]} 13. Qxb3 {[%emt 0:03:19]} Qd7 {[%emt 0:00:28]} 14. Be3 {[%emt 0:00:30]} d5 {[%emt 0:02:08]} 15. Bxa7 {[%emt 0:00:09]} Rxa7 {[%emt 0:03:13]} 16. Rad1 {[%emt 0:05:58]} d4 {[%emt 0:02:51]} 17. Ng3 {[%emt 0:01:28]} b5 {[%emt 0:18:24]} 18. Nf5 {[%emt 0:03:34]} Ne7 {[%emt 0:06:55]} 19. Nxe7+ {[%emt 0:03:02]} Rxe7 {[%emt 0:00:26]} 20. cxd4 {[%emt 0:00:17]} Qxd4 {[%emt 0:01:05]} 21. Nf3 {[%emt 0:00:12]} Qb6 {[%emt 0:02:20]} 22. d4 {[%emt 0:11:35]} exd4 {[%emt 0:02:03]} 23. e5 {[%emt 0:01:08]} Nd7 {[%emt 0:01:13]} 24. Rxd4 {[%emt 0:00:24]} c5 {[%emt 0:09:14]} 25. Rd6 {[%emt 0:02:38]} c4 {[%emt 0:01:43]} 26. Qd1 {[%emt 0:04:06]} Qc5 {[%emt 0:04:31]} 27. Rd5 {[%emt 0:07:11]} Qc7 {[%emt 0:04:16]} 28. Qd4 {[%emt 0:05:35]} Ra8 {[%emt 0:01:13]} 29. Nh4 {[%emt 0:01:19]} Rae8 {[%emt 0:02:21]} 30. f4 {[%emt 0:08:16]} Nf6 {[%emt 0:12:05]} 31. Rd6 {[%emt 0:07:47]} Qa7 {[%emt 0:01:23]} 32. Nf5 {[%emt 0:04:55]} Rc7 {[%emt 0:06:34]} 33. Qxa7 {[%emt 0:01:59]} Rxa7 {[%emt 0:00:01]} 34. Nxh6+ {[%emt 0:01:55]} gxh6 {[%emt 0:02:44]} 35. Rxf6 {[%emt 0:00:01]} Re6 36. Rxe6 {[%emt 0:01:27]} fxe6 {[%emt 0:00:09]} 37. Kf2 {[%emt 0:06:02]} Rd7 {[%emt 0:01:16]} 38. Ke3 {[%emt 0:00:16]} Rd3+ {[%emt 0:00:06]} 39. Ke4 {[%emt 0:00:09]} Rd2 {[%emt 0:00:17]} 40. f5 {[%emt 0:00:00]} Rxb2 {[%emt 0:00:00]} 41. fxe6 {[%emt 0:01:39]} Kf8 {[%emt 0:04:22]} 42. Rf1+ {[%emt 0:01:49]} Ke7 {[%emt 0:01:35]} 43. Rf7+ {[%emt 0:00:03]} Kxe6 {[%emt 0:00:46]} 44. Rf6+ {[%emt 0:00:01]} Kd7 {[%emt 0:00:14]} 45. Rxa6 {[%emt 0:00:05]} c3 {[%emt 0:01:29]} 46. e6+ {[%emt 0:07:03]} Ke7 {[%emt 0:12:08]} 47. Rc6 {[%emt 0:00:57]} b4 {[%emt 0:04:57]} 48. a3 {[%emt 0:00:52]} bxa3 {[%emt 0:00:42]} 49. Rxc3 {[%emt 0:00:04]} a2 {[%emt 0:00:15]} 50. Ra3 {[%emt 0:00:39]} Kxe6 {[%emt 0:00:49]} 51. Ra6+ {[%emt 0:00:06]} Kd7 {[%emt 0:02:00]} 52. g4 {[%emt 0:00:12]} Kc7 {[%emt 0:01:12]} 53. h4 {[%emt 0:01:54]} Kb7 {[%emt 0:02:17]} 54. Ra3 {[%emt 0:00:06]} Kb6 {[%emt 0:00:41]} 55. g5 {[%emt 0:00:43]} hxg5 {[%emt 0:00:09]} 56. hxg5 {[%emt 0:00:03]} Rb4+ {[%emt 0:00:40]} 57. Kf5 {[%emt 0:00:04]} Rb5+ {[%emt 0:00:31]} 58. Kf6 {[%emt 0:00:31]} Ra5 {[%emt 0:00:05]} 59. Rxa2 {[%emt 0:00:02]} Rxa2 {[%emt 0:00:19]} 60. g6 {[%emt 0:00:01]} Rf2+ {[%emt 0:01:07]} 61. Ke7 {[%emt 0:00:09]} Kc7 {[%emt 0:00:47]} 62. g7 {[%emt 0:00:16]} Re2+ {[%emt 0:00:33]} 63. Kf7 {[%emt 0:00:16]} Kd7 {[%emt 0:00:24]} 64. g8=Q {[%emt 0:00:06]} Rf2+ {[%emt 0:00:05]} 65. Kg7 {[%emt 0:00:15]} Rg2+ {[%emt 0:00:04]} 66. Kh7 {[%emt 0:00:09]} Rxg8 {[%emt 0:00:06]} 67. Kxg8 {[%emt 0:00:38]} 1/2-1/2

[Event "EYCC Open-U14 2019"]
[Site "Bratislava"]
[Date "2019.08.09"]
[Round "8.17"]
[White "Revaliente Montoya, Ciro"]
[Black "Gnojek, Petr"]
[Result "0-1"]
[WhiteElo "1917"]
[BlackElo "2246"]
[Annotator "NA"]
[PlyCount "86"]
[EventDate "2019.08.02"]
[EventType "swiss"]
[EventCountry "SVK"]
[SourceTitle "playchess.com"]
[Source "ChessBase"]
[SourceQuality "1"]
[TimeControl "40/5400+30:1800+30"]

1. e4 {[%emt 0:00:00]} c5 {[%emt 0:00:00]} 2. Nf3 {[%emt 0:00:00]} e6 {[%emt 0:00:00]} 3. d4 {[%emt 0:00:01]} cxd4 {[%emt 0:00:00]} 4. Nxd4 {[%emt 0:00:02]} Nf6 {[%emt 0:00:01]} 5. Nc3 {[%emt 0:00:12]} d6 {[%emt 0:00:08]} 6. Be3 {[%emt 0:01:16]} Be7 {[%emt 0:00:32]} 7. f3 {[%emt 0:00:32]} O-O {[%emt 0:00:11]} 8. Qd2 {[%emt 0:01:56]} a6 {[%emt 0:00:41]} 9. g4 {[%emt 0:02:43]} Nc6 {[%emt 0:00:39]} 10. O-O-O {[%emt 0:00:48]} Nd7 {[%emt 0:00:24]} 11. h4 {[%emt 0:03:36]} Nde5 {[%emt 0:00:42]} 12. Be2 {[%emt 0:03:31]} b5 {[%emt 0:00:43]} 13. f4 {[%emt 0:04:30]} Nxd4 {[%emt 0:00:14]} 14. Bxd4 {[%emt 0:00:08]} Nc6 {[%emt 0:00:05]} 15. Be3 {[%emt 0:02:19]} Qa5 {[%emt 0:01:35]} 16. a3 {[%emt 0:23:26]} b4 {[%emt 0:02:36]} 17. Nb1 {[%emt 0:00:10]} bxa3 {[%emt 0:00:39]} 18. Nxa3 {[%emt 0:00:07]} Qa4 {[%emt 0:01:10]} 19. Qc3 {[%emt 0:13:15]} Bd7 {[%emt 0:03:04]} 20. Bc4 {[%emt 0:07:10]} Rab8 {[%emt 0:04:38]} 21. h5 {[%emt 0:04:01]} Bf6 {[%emt 0:10:02]} 22. e5 {[%emt 0:00:58]} dxe5 {[%emt 0:00:05]} 23. g5 {[%emt 0:00:29]} Be7 {[%emt 0:04:54]} 24. Rxd7 {[%emt 0:15:52]} Bxa3 {[%emt 0:00:05]} 25. Bb3 {[%emt 0:04:25]} Qe4 26. Rhd1 {[%emt 0:02:42]} exf4 {[%emt 0:03:13]} 27. Bd4 {[%emt 0:01:20]} Bb4 {[%emt 0:00:44]} 28. Qc4 {[%emt 0:01:28]} Na5 {[%emt 0:00:21]} 29. Qd3 {[%emt 0:04:27]} Nxb3+ {[%emt 0:00:13]} 30. cxb3 {[%emt 0:00:07]} Qc6+ {[%emt 0:03:19]} 31. Bc3 {[%emt 0:00:44]} Bxc3 {[%emt 0:00:26]} 32. Qxc3 {[%emt 0:00:01]} Qxc3+ {[%emt 0:01:48]} 33. bxc3 {[%emt 0:00:02]} Rxb3 {[%emt 0:00:05]} 34. Kc2 {[%emt 0:00:11]} Rb5 {[%emt 0:00:10]} 35. Rg1 {[%emt 0:01:12]} f3 {[%emt 0:02:44]} 36. g6 {[%emt 0:01:17]} hxg6 {[%emt 0:01:37]} 37. hxg6 {[%emt 0:00:14]} f2 {[%emt 0:00:09]} 38. Rf1 {[%emt 0:01:40]} fxg6 {[%emt 0:00:06]} 39. Rd6 {[%emt 0:00:15]} Re5 {[%emt 0:00:05]} 40. Kd2 {[%emt 0:00:00]} Rd5+ {[%emt 0:00:00]} 41. Rxd5 {[%emt 0:01:09]} exd5 {[%emt 0:00:15]} 42. Ke3 {[%emt 0:00:03]} a5 {[%emt 0:00:22]} 43. Kd4 {[%emt 0:00:23]} a4 {[%emt 0:00:25]} 0-1

[Event "EYCC Open-U14 2019"]
[Site "Bratislava"]
[Date "2019.08.09"]
[Round "8.18"]
[White "Fule, Simon"]
[Black "Kalosha, Zhiulien Oleksii"]
[Result "1/2-1/2"]
[WhiteElo "2184"]
[BlackElo "1936"]
[Annotator "NA"]
[PlyCount "46"]
[EventDate "2019.08.02"]
[EventType "swiss"]
[EventCountry "SVK"]
[SourceTitle "playchess.com"]
[Source "ChessBase"]
[SourceQuality "1"]
[TimeControl "40/5400+30:1800+30"]

1. e4 {[%emt 0:00:00]} e5 {[%emt 0:00:00]} 2. Nf3 {[%emt 0:00:00]} Nc6 {[%emt 0:00:00]} 3. Bb5 {[%emt 0:00:00]} f5 {[%emt 0:00:07]} 4. d3 {[%emt 0:00:28]} fxe4 {[%emt 0:00:37]} 5. dxe4 {[%emt 0:00:08]} Nf6 6. O-O {[%emt 0:01:01]} Bc5 {[%emt 0:01:57]} 7. Qd3 {[%emt 0:12:04]} d6 {[%emt 0:00:48]} 8. a3 {[%emt 0:10:52]} O-O {[%emt 0:07:52]} 9. b4 {[%emt 0:05:00]} Bb6 {[%emt 0:05:17]} 10. Bc4+ {[%emt 0:04:21]} Kh8 {[%emt 0:01:10]} 11. Nc3 {[%emt 0:02:25]} Bg4 {[%emt 0:03:36]} 12. Ng5 {[%emt 0:08:14]} Qe8 {[%emt 0:01:06]} 13. h3 {[%emt 0:00:27]} Bd7 {[%emt 0:00:47]} 14. Be3 {[%emt 0:14:46]} Bxe3 {[%emt 0:05:17]} 15. Qxe3 {[%emt 0:00:11]} Nd4 {[%emt 0:00:32]} 16. Rac1 {[%emt 0:05:35]} h6 {[%emt 0:01:23]} 17. Nf3 {[%emt 0:00:14]} Nxf3+ {[%emt 0:00:24]} 18. Qxf3 {[%emt 0:00:07]} Nh5 {[%emt 0:05:50]} 19. Qe3 {[%emt 0:02:26]} Qg6 {[%emt 0:01:48]} 20. Ne2 {[%emt 0:08:35]} Rf6 {[%emt 0:07:19]} 21. Kh2 {[%emt 0:03:04]} Raf8 {[%emt 0:11:35]} 22. f3 {[%emt 0:01:00]} a6 {[%emt 0:02:02]} 23. g3 {[%emt 0:01:18]} b5 {[%emt 0:13:47]} 1/2-1/2

[Event "EYCC Open-U14 2019"]
[Site "Bratislava"]
[Date "2019.08.09"]
[Round "8.19"]
[White "Andrijashkin, Deniss"]
[Black "Kusa, Jakub"]
[Result "1/2-1/2"]
[WhiteElo "1862"]
[BlackElo "2199"]
[Annotator "NA"]
[PlyCount "130"]
[EventDate "2019.08.02"]
[EventType "swiss"]
[EventCountry "SVK"]
[SourceTitle "playchess.com"]
[Source "ChessBase"]
[SourceQuality "1"]
[TimeControl "40/5400+30:1800+30"]

1. e4 {[%emt 0:00:00]} e5 {[%emt 0:00:00]} 2. Nf3 {[%emt 0:00:00]} Nc6 {[%emt 0:00:00]} 3. Bc4 {[%emt 0:00:00]} Bc5 {[%emt 0:00:01]} 4. d3 {[%emt 0:00:12]} Nf6 {[%emt 0:00:22]} 5. O-O {[%emt 0:00:06]} O-O {[%emt 0:00:33]} 6. Bg5 {[%emt 0:00:45]} h6 {[%emt 0:02:15]} 7. Bh4 {[%emt 0:00:13]} g5 {[%emt 0:01:57]} 8. Bg3 {[%emt 0:00:08]} d6 {[%emt 0:00:32]} 9. c3 {[%emt 0:03:24]} Bg4 {[%emt 0:02:30]} 10. h3 {[%emt 0:03:41]} Bh5 {[%emt 0:03:29]} 11. Nbd2 {[%emt 0:01:03]} Qd7 {[%emt 0:01:59]} 12. a4 {[%emt 0:02:53]} a5 {[%emt 0:02:05]} 13. Bb5 {[%emt 0:13:33]} Kh7 {[%emt 0:09:22]} 14. Qb1 {[%emt 0:04:52]} Rg8 {[%emt 0:07:25]} 15. d4 {[%emt 0:01:39]} Ba7 {[%emt 0:02:09]} 16. d5 {[%emt 0:27:59]} Bxf3 {[%emt 0:06:45]} 17. Nxf3 {[%emt 0:01:03]} g4 {[%emt 0:00:17]} 18. Nh4 {[%emt 0:05:02]} gxh3 {[%emt 0:00:38]} 19. Nf5 {[%emt 0:07:55]} Rxg3 {[%emt 0:10:27]} 20. Nxg3 {[%emt 0:00:10]} Qg4 {[%emt 0:00:32]} 21. Qd3 {[%emt 0:09:11]} Nh5 {[%emt 0:04:28]} 22. Qf3 {[%emt 0:02:07]} Qxf3 {[%emt 0:02:43]} 23. gxf3 {[%emt 0:00:04]} Nxg3 {[%emt 0:00:09]} 24. dxc6 {[%emt 0:00:03]} Nxf1 {[%emt 0:01:00]} 25. Rxf1 {[%emt 0:00:07]} bxc6 {[%emt 0:01:38]} 26. Bxc6 {[%emt 0:00:07]} Rb8 {[%emt 0:00:30]} 27. Bb5 {[%emt 0:02:05]} c6 {[%emt 0:02:03]} 28. Bxc6 {[%emt 0:00:03]} Rxb2 {[%emt 0:00:14]} 29. Bd5 {[%emt 0:02:44]} Kg6 {[%emt 0:03:22]} 30. Kh2 {[%emt 0:00:13]} Bxf2 {[%emt 0:01:25]} 31. Kxh3 {[%emt 0:00:03]} f6 {[%emt 0:01:24]} 32. Ra1 {[%emt 0:01:04]} Be3 {[%emt 0:01:53]} 33. Ra2 {[%emt 0:01:29]} Rb1 {[%emt 0:01:27]} 34. Rg2+ {[%emt 0:00:08]} Bg5 {[%emt 0:00:49]} 35. Rc2 {[%emt 0:02:19]} h5 {[%emt 0:02:09]} 36. Be6 {[%emt 0:03:35]} Bf4 {[%emt 0:02:14]} 37. Kg2 {[%emt 0:01:14]} Kg5 {[%emt 0:01:22]} 38. Re2 {[%emt 0:02:14]} Ra1 {[%emt 0:02:15]} 39. Bb3 {[%emt 0:02:36]} h4 {[%emt 0:01:07]} 40. Ra2 {[%emt 0:00:00]} Re1 {[%emt 0:00:00]} 41. Be6 {[%emt 0:03:50]} Be3 {[%emt 0:02:53]} 42. Rb2 {[%emt 0:01:55]} Kf4 {[%emt 0:02:19]} 43. Bg4 {[%emt 0:04:04]} Rc1 {[%emt 0:01:08]} 44. Kh3 {[%emt 0:03:02]} Kg5 {[%emt 0:12:49]} 45. Rb8 {[%emt 0:05:44]} Rh1+ {[%emt 0:07:49]} 46. Kg2 {[%emt 0:00:08]} Ra1 {[%emt 0:01:47]} 47. Rg8+ {[%emt 0:02:45]} Kh6 {[%emt 0:00:39]} 48. Kh3 {[%emt 0:04:01]} Rxa4 {[%emt 0:02:13]} 49. Bf5 {[%emt 0:03:25]} Ra1 {[%emt 0:02:39]} 50. Rg6+ {[%emt 0:00:13]} Kh5 {[%emt 0:00:16]} 51. Rxf6 {[%emt 0:00:07]} Kg5 {[%emt 0:03:40]} 52. Rxd6 {[%emt 0:00:42]} a4 {[%emt 0:01:48]} 53. Be6 {[%emt 0:08:30]} Kf4 {[%emt 0:02:21]} 54. Bg4 {[%emt 0:01:28]} a3 {[%emt 0:02:59]} 55. Rf6+ {[%emt 0:00:18]} Kg5 {[%emt 0:00:07]} 56. Ra6 {[%emt 0:00:03]} a2 {[%emt 0:01:17]} 57. Kh2 {[%emt 0:00:28]} Bf2 {[%emt 0:06:55]} 58. Be6 {[%emt 0:01:16]} Bg3+ {[%emt 0:00:21]} 59. Kg2 {[%emt 0:00:09]} Rc1 {[%emt 0:01:37]} 60. Rxa2 {[%emt 0:00:13]} Rxc3 {[%emt 0:00:13]} 61. Bg4 {[%emt 0:00:30]} Kf4 {[%emt 0:01:13]} 62. Rb2 {[%emt 0:00:20]} Re3 {[%emt 0:00:19]} 63. Kh3 {[%emt 0:01:26]} Re1 {[%emt 0:00:26]} 64. Kg2 {[%emt 0:00:43]} Rxe4 65. fxe4 Kxg4 1/2-1/2